Quizzes
Events
Quiz Creation
Community
Videos
Private Events
Remove Ads
Sign In
Join for FREE
Feedback
Dark Mode
Quiz Categories
Sports
Geography
Music
Movies
Television
Just For Fun
Miscellaneous
History
Literature
Language
Science
Gaming
Entertainment
Religion
Holiday
For Kids
Quiz Lab
Recent
Popular Today
Quiz Kudos Today
Editor Picks
Curator Picks
Quizzes by...
Day
Popularity
Type
Ratings
Length
Year
Community
Subscriptions
Recent Discussions
Orange Saloon
Badges
Playlists
Quests
Create
Leaderboards
Showdown
Live 5
Trivia Bingo
Activity
Puzzle Library
Sporcle Events
Private Events
Virtual Trivia
Globe League
Become a Host
Pub Owners
SporcleCon
Opinionation
Our Games
Videos
Blog
Mobile Apps
Partnerships
Remove Ads and Go Orange
Feedback
Science
Computer
Plants
Astronomy
Chemistry
Elements
Math
Animal
Physics
Anatomy
Biology
Geology
General Science
Science
Computer
Plants
Astronomy
Chemistry
Elements
Math
Animal
Physics
Anatomy
Biology
Geology
General Science
Random Quiz
Search Sporcle
×
Quiz Lab
Quiz Lab
Science
Book
Type in answers that appear in a list
Type in answers that appear in a list
Classic
Best Score? Go Orange.
Optical Revision Book One Stats
Can you name the Optical Revision Book One?
By
Dench
10m
54 Questions
41 Plays
41 Plays
41 Plays
Comments
Comments
Give Quiz Kudos
Give Quiz Kudos
-
- Ratings
hide this ad
Replay
Link that replays current quiz
Next Quiz
Link to next quiz in quiz playlist
You Got
0%
They Got
Avg Score
39%
Avg Friend Score
Upgrade to see
Score Distribution
Jump to the score distribution portion of the page
Score
0/54
Timer
10:00
0
Plays Today
Question
Answer
% Correct
The Laser
Light
80.5%
Electromagnetic Model
wave
78%
Electromagnetic Model
frequency
78%
Can you name the Advantages of Optics over Electronics?
Speed
75.6%
Electromagnetic Model
wavelength
70.7%
Electromagnetic Model
mono
70.7%
Electromagnetic Model
particle
65.9%
The Polariser
plane
65.9%
The Laser
Amplification
65.9%
The Laser
by Stimulated
61%
The Laser
of Radiation
61%
Electromagnetic Model
constructive
58.5%
Electromagnetic Model
destructive
58.5%
The Laser
Emission
58.5%
Laser Requirements
external energy source
46.3%
Can you name the Advantages of Optics over Electronics?
Increased Bandwidth
43.9%
Can you name the Advantages of Optics over Electronics?
Reduced Energy
43.9%
Electromagnetic Model
temporal period
43.9%
Sources of Light
photon
43.9%
The Laser
monochromatic
43.9%
The Lens
focal distance
41.5%
Electromagnetic Model
cross sectional area
36.6%
Electromagnetic Model
one
36.6%
Can you name the Advantages of Optics over Electronics?
No Interference
34.1%
Electromagnetic Model
wavelength * frequency
34.1%
Electromagnetic Model
hf
34.1%
The Lens
Numerical Aperture
34.1%
Question
Answer
% Correct
Electromagnetic Model
electric
31.7%
The Beamsplitter
reflects
31.7%
Sources of Light
population inversion
31.7%
The Laser
coherent
31.7%
Electromagnetic Model
1/f
29.3%
The Beamsplitter
transmits
29.3%
Sources of Light
energy levels
29.3%
Sources of Light
Identical
29.3%
Laser Requirements
medium
29.3%
Can you name the Advantages of Optics over Electronics?
Inherent Parallelism
26.8%
Sources of Light
ground level
26.8%
Sources of Light
hc
26.8%
Laser Mediums
gas
26.8%
and the Disadvantages?
Not enough materials
24.4%
Laser Mediums
dye
24.4%
Can you name the Advantages of Optics over Electronics?
No Integrated Circuit
22%
The Lens
diameter
22%
Sources of Light
Heating
22%
Laser Requirements
resonant cavity
22%
Laser Mediums
solid-state
22%
Can you name the Advantages of Optics over Electronics?
Mathematical Functions
19.5%
and the Disadvantages?
Interference is necessary
19.5%
The Polariser
analyser
19.5%
Sources of Light
falls
19.5%
Laser Mediums
semiconductor
17.1%
and the Disadvantages?
Conversion Necessary
12.2%
The Lens
light gathering ability
12.2%
Quiz Playlist
Details
Report
Send in Message
Add To Playlist
Classic:
Type in answers that appear in a list
Last Updated: Feb 16, 2017
Quiz Scoreboard
CHALLENGE
Sign Up to Join the Scoreboard
Show All
Scores
Hide
Comments
May contain spoilers
Recently Published
One Thing in Common: World Cities II
by knightlancer
Geography
7m
Popular People in 1961
by mucciniale
History
6m
1-10 Letter E Words III
by El_Dandy
Language
2m
More to Explore
Quiz From the Vault
Featured Blog Post
Where Did the Easter Bunny Come From?
hide this ad
You Might Also Like...
Tags
Book Quiz
optical
Revision
Today's Top Quizzes in Science
Browse Science
hide this ad
Today's Top Quizzes in Book
Browse Book
Top Contributed Quizzes in Science
1
One Thing in Common: Science
2
One Thing in Common: Science III
3
Quick Pick: Radians
4
Sporcle Puzzle Hunt: Science
5
Quick Pick: 'CI-CJ' Animals
6
One Thing in Common: Science II
7
Square Numbers Scrambled (1-50)
8
Elements In Images
9
Click the Parts of an Plant Cell
10
Glycolysis
Explore More
Trending Topics
Crossword
Harry Potter
Anime
Marvel
Kpop
Disney
NBA
Song
Country
Puzzle
Soccer
The Office
NFL
WWE
Pokémon
hide this ad
More By:
Dench
Quiz
Plays
Rating
Category
Featured
Created
Final Fantasy by Plot
12,742
2.18
Gaming
Dec 27, 2009
Leeds Festival 2009
59
5.00
Music
Oct 3, 2009
Optical Revision Book One
41
Science
Jan 15, 2010
Go to Creator's Profile
Score Distribution
Quiz Creator Spotlight
Dench
Follow
Send a Message
Quizzes Created
-
Created Quiz Play Count
-
More By This Creator
Popular Quizzes Today
1
Find the US States - No Outlines Minefield
2
Find the Countries of Europe - No Outlines Minefield
3
The Countries of the World
4
Popular People in 1961
5
1-10 Letter E Words III
6
Find the US States
7
One Thing in Common: World Cities II
8
US States
More Science Quizzes
Find the Snow Animals
Published
Trending Quizzes
Risky Map Clicking: Least Populous States A-Z
1-10 Letter F Words
1-10 Letter G Words
One Thing in Common: United Kingdom
Risky Map Clicking: Biggest States A-Z
Recently Updated
Leaping Animals
pecheneg
Reality TV Shows (A-Z)
bhenderson79
Rickey Henderson's Hall of Fame Teammates
pecheneg
Champions League XIs: Arsenal
pecheneg
Quick Pick: Celebrities in WWE's Hall of Fame
aduchscher
A-Z Keypad Blitz II
pecheneg
Multiple Oscar Actors
pecheneg
Mystery Phrase Blitz: Oscar 'Best Actors'
pecheneg
F. Scott Fitzgerald Novels
LTH
Pick 3 Villains
ddd62291
Trending Topics
Marvel
Crossword
Harry Potter
Anime
NBA
Kpop
Disney
Country
Soccer
The Office
Puzzle
Pokémon
NFL
WWE
Song
Your Account Isn't Verified!
In order to create a playlist on Sporcle, you need to verify the email address you used during registration. Go to your
Sporcle Settings
to finish the process.
Report this User
Report this user for behavior that violates our
Community Guidelines
.
Details:
Send Report
Go to the Sporcle.com Mobile Site →
Comments